000 00622nam a2200253Ia 4500
003 OSt
005 20221006145042.0
006 a|||||r|||| 00| 0
007 ta
008 221006b |||||||| |||| 00| 0 eng d
020 _a0713156031
_cSh56
024 _a13,624
037 _cTextual
040 _aEASL
_cEASL
_beng
041 _2eng
_aeng
082 _aV58y7M70, L1
100 _aMORGAN M C
_9112679
245 0 _aLenin
260 _aLondon
_bEdward Arnold
_c1971
300 _a236p.
_ccm.
490 _v Oth
942 _hV58y7M70, L1
_cTEXL
_2CC
999 _c1081710
_d1081710